MILLS & STERNBERG'S DIAGNOSTIC SURGICAL PATHOLOGY 2 VOLUME SET (Record no. 23332)

MARC details
000 -LEADER
fixed length control field 00463nam a22001697a 4500
003 - CONTROL NUMBER IDENTIFIER
control field SGT
020 ## - INTERNATIONAL STANDARD BOOK NUMBER
International Standard Book Number 9781975150723
082 ## - DEWEY DECIMAL CLASSIFICATION NUMBER
Classification number 616.07
Item number M22L
100 ## - MAIN ENTRY--PERSONAL NAME
Personal name LONGACRE, TERI A.
245 ## - TITLE STATEMENT
Title MILLS & STERNBERG'S DIAGNOSTIC SURGICAL PATHOLOGY 2 VOLUME SET
250 ## - EDITION STATEMENT
Edition statement 7TH
260 ## - PUBLICATION, DISTRIBUTION, ETC. (IMPRINT)
Place of publication, distribution, etc PHILADELPHIA
Name of publisher, distributor, etc WOLTERS KLUWER PUB
Year of Publication 2022
300 ## - PAGE DESCRIPTION
No. of Pages 1539 ,2968
650 ## - SUBJECT ADDED ENTRY--TOPICAL TERM
Topical term or geographic name as entry element PATHOLOGY
653 ## - KEYWORDS--INDEX TERM
Keyword term MILLS & STERNBERG'S DIAGNOSTIC SURGICAL PATHOLOGY
942 ## - ADDED ENTRY ELEMENTS (KOHA)
Source of classification or shelving scheme Dewey Decimal Classification
Koha item type Books
Holdings
Withdrawn status Lost status Source of classification or shelving scheme Damaged status Not for loan Collection code Home library Current library Shelving location Date acquired Vendor Name Cost, normal purchase price Volume Information (Serial or Books or Non-Book Material) SGTU Bill Number Total Checkouts Full call number Accession No. (Barcode) Date last seen Bill Date Koha item type
    Dewey Decimal Classification   Not For Loan MEDICAL SGT Medical Library SGT Medical Library Reference Book 13/09/2022 ABC DELHI 40599.00 VOL-1 SGTU 14820   616.07 M22L FM13341 13/09/2022 27/07/2022 Books
    Dewey Decimal Classification   Not For Loan MEDICAL SGT Medical Library SGT Medical Library Reference Book 13/09/2022 $-499.99   VOL-2 SGTU 14820   616.07 M22L FM13342 13/09/2022 27/07/2022 Books